000 00330nam a2200145Ia 4500
008 191201s2011 xx 000 0 und d
082 _a658.3
_bDEH
100 _aDEB,Tapomoy
245 0 _aHuman Resource Development
250 _aRep
260 _aN. Delhi
_bAne Books
_c2011
300 _a546
650 _aBBA
942 _2ddc
_cBK
999 _c4953
_d4953